50 Greatest Horror and Supernatural Stories (Record no. 215217)

MARC details
000 -LEADER
fixed length control field 00496nam a22001697a 4500
005 - DATE AND TIME OF LATEST TRANSACTION
control field 20260228142301.0
010 ## - LCCN (DPL NO)
LC control number BACCHEN26
020 ## - INTERNATIONAL STANDARD BOOK NUMBER
International Standard Book Number 9789357319560
Terms of availability 999.00
037 ## - SOURCE OF ACQUISITION
Source of stock number/acquisition Hachette
082 ## - DEWEY DECIMAL CLASSIFICATION NUMBER
Edition number 1
Classification number S
245 ## - TITLE STATEMENT
Title 50 Greatest Horror and Supernatural Stories
260 ## - PUBLICATION, DISTRIBUTION, ETC. (IMPRINT)
Place of publication, distribution, etc Gurugram
Name of publisher, distributor, etc Hachette Book Publishing Pvt. Ltd.
Date of publication, distribution, etc 2026
270 ## - ADDRESS
Address 4th&5th Floors, Corporate Centre Plot No. 94, Sector 44,
City Gurugram
Postal code 122003
300 ## - PHYSICAL DESCRIPTION
Extent 646p.
Dimensions 21cm(hb)
760 ## - MAIN SERIES ENTRY
Edition 1
942 ## - ADDED ENTRY ELEMENTS (KOHA)
Source of classification or shelving scheme Dewey Decimal Classification
Item type English Books
Call number suffix GRE
Edition 1

No items available.


© Delhi Public Library
Hit Counter
free hit counter